000 00394nam a2200145Ia 4500
003 LK-CoDNM
008 010623t1979 xxu||||| |||| 00| 1 eng d
040 _aLK-CoDNM
_dLK-CoDNM
_eLK-CoDNM
041 _aeng
080 _a331.85WOR
245 _aWorkers Education : Educator's Handbook
260 _b Sri Lnaka Foundation Institute
_a Colombo
_c1979
300 _b282p, 21.5 cm
942 _cBK
999 _c110918
_d110918